000 00498nam a2200181Ia 4500
003 OSt
005 20260106120339.0
008 210210b1959 xxu||||| |||| 00| 0 eng d
040 _cAL
041 _aKannada
082 _a859/1545
100 _aRAMAMURTI (M)
_9155855
_dರಾಮಮೂರ್ತಿ (ಎಂ).
245 _aHaleya snehitaru:
_bಹಳೆಯ ಸ್ನೇಹಿತರು
260 _aBengaluru
_b-
_c1959
690 _aKannada Fiction
_9155856
906 _a022273
942 _2ddc
_cBK
999 _c146416
_d146416